000 00588nam a2200193 i 4500
001 49336
003 ES-MaACL
005 20230906161928.0
007 t|
008 030714s1931 it ||||1| ita d
100 1 _aCortese, Marcello.
_940917
245 1 0 _aAnatracoltura
_b: guida pratica per chi voglia dedicarsi all'allevamento familiare ed industriale dell'anatra /
_cM. Cortese.
260 _aMilano :
_b[s.n.],
_c1931.
300 _aXIII, 246 p. ;
_c16 cm.
490 1 _aManuali Hoepli
830 0 _aManuali Hoepli
_9180782
852 _aES-MaACL
_jF-13684
999 _c49336
_d49336